|
|
|
|
| LEADER |
03428nam a22005775i 4500 |
| 001 |
978-3-319-17100-5 |
| 003 |
DE-He213 |
| 005 |
20170202141046.0 |
| 007 |
cr nn 008mamaa |
| 008 |
151006s2016 gw | s |||| 0|eng d |
| 020 |
|
|
|a 9783319171005
|9 978-3-319-17100-5
|
| 024 |
7 |
|
|a 10.1007/978-3-319-17100-5
|2 doi
|
| 040 |
|
|
|d GrThAP
|
| 050 |
|
4 |
|a GE1-350
|
| 072 |
|
7 |
|a RNP
|2 bicssc
|
| 072 |
|
7 |
|a SCI026000
|2 bisacsh
|
| 072 |
|
7 |
|a SCI013000
|2 bisacsh
|
| 082 |
0 |
4 |
|a 577.14
|2 23
|
| 245 |
1 |
0 |
|a Environment, Energy and Climate Change II
|h [electronic resource] :
|b Energies from New Resources and the Climate Change /
|c edited by Gilles Lefebvre, Elena Jiménez, Beatriz Cabañas.
|
| 250 |
|
|
|a 1st ed. 2016.
|
| 264 |
|
1 |
|a Cham :
|b Springer International Publishing :
|b Imprint: Springer,
|c 2016.
|
| 300 |
|
|
|a XIV, 263 p.
|b online resource.
|
| 336 |
|
|
|a text
|b txt
|2 rdacontent
|
| 337 |
|
|
|a computer
|b c
|2 rdamedia
|
| 338 |
|
|
|a online resource
|b cr
|2 rdacarrier
|
| 347 |
|
|
|a text file
|b PDF
|2 rda
|
| 490 |
1 |
|
|a The Handbook of Environmental Chemistry,
|x 1867-979X ;
|v 34
|
| 505 |
0 |
|
|a Recursive Estimation Methods to Forecast Short-Term Solar Irradiation -- Technical and environmental analysis of parabolic trough Concentrating Solar Power (CSP) -- Wind power forecast error probabilistic model using Markov Chains -- Energy Storage Integration with Renewable Energies: the Case of Concentration Photovoltaic Systems -- Batteries and Ultracapacitors based Energy Storage in Renewable Multi-Sources Systems -- Different Phase Change Materials Implementations for Thermal Energy Storage -- Bio-refineries: an Overview on Bio-Ethanol Production -- Effects of External Resistance on Microbial Fuel Cell’s Performance -- The avocado and its waste: an approach of fuel potential/application -- Agency and Learning Relationships Against Energy Efficiency Barriers.
|
| 520 |
|
|
|a This volume provides a comprehensive overview of advanced research in the field of efficient, clean and renewable energy production, conversion and storage. The ten chapters, written by internationally respected experts, address the following topics: (1) solar and wind energy; (2) energy storage in batteries; (3) biomass; and (4) socio-economic aspects of energy. Given its multidisciplinary approach, which combines environmental analysis and an engineering perspective, the book offers a valuable resource for all researchers and students interested in environmentally sustainable energy production, conversion, storage and its engineering.
|
| 650 |
|
0 |
|a Environment.
|
| 650 |
|
0 |
|a Energy.
|
| 650 |
|
0 |
|a Climate change.
|
| 650 |
|
0 |
|a Analytical chemistry.
|
| 650 |
|
0 |
|a Geochemistry.
|
| 650 |
|
0 |
|a Environmental chemistry.
|
| 650 |
1 |
4 |
|a Environment.
|
| 650 |
2 |
4 |
|a Environmental Chemistry.
|
| 650 |
2 |
4 |
|a Analytical Chemistry.
|
| 650 |
2 |
4 |
|a Climate Change/Climate Change Impacts.
|
| 650 |
2 |
4 |
|a Energy, general.
|
| 650 |
2 |
4 |
|a Geochemistry.
|
| 700 |
1 |
|
|a Lefebvre, Gilles.
|e editor.
|
| 700 |
1 |
|
|a Jiménez, Elena.
|e editor.
|
| 700 |
1 |
|
|a Cabañas, Beatriz.
|e editor.
|
| 710 |
2 |
|
|a SpringerLink (Online service)
|
| 773 |
0 |
|
|t Springer eBooks
|
| 776 |
0 |
8 |
|i Printed edition:
|z 9783319170992
|
| 830 |
|
0 |
|a The Handbook of Environmental Chemistry,
|x 1867-979X ;
|v 34
|
| 856 |
4 |
0 |
|u http://dx.doi.org/10.1007/978-3-319-17100-5
|z Full Text via HEAL-Link
|
| 912 |
|
|
|a ZDB-2-EES
|
| 950 |
|
|
|a Earth and Environmental Science (Springer-11646)
|